000 00313nam a22001217a 4500
999 _c3046
_d3046
005 20200929101146.0
008 200929b ||||| |||| 00| 0 eng d
020 _a0333412788
040 _cCML
245 _aChaff on the Wind.
_cDibba, E.
260 _aLondon
_bMacmillan
_c1986
942 _2ddc
_cBK
_e1st Edition
_kF
_mDIB